<?xml version="1.0" encoding="UTF-8"?>
<record
    xmlns:xsi="http://www.w3.org/2001/XMLSchema-instance"
    xsi:schemaLocation="http://www.loc.gov/MARC21/slim http://www.loc.gov/standards/marcxml/schema/MARC21slim.xsd"
    xmlns="http://www.loc.gov/MARC21/slim">

  <leader>00781nam a22001577a 4500</leader>
  <controlfield tag="003">OSt</controlfield>
  <controlfield tag="005">20151204111516.0</controlfield>
  <controlfield tag="008">151204b        xxu||||| |||| 00| 0 eng d</controlfield>
  <datafield tag="040" ind1=" " ind2=" ">
    <subfield code="c">RUA</subfield>
  </datafield>
  <datafield tag="082" ind1=" " ind2=" ">
    <subfield code="a">FIS HON 2004 B176 Or.1</subfield>
  </datafield>
  <datafield tag="100" ind1=" " ind2=" ">
    <subfield code="9">4269</subfield>
    <subfield code="a">HONF, PIDOR.</subfield>
  </datafield>
  <datafield tag="245" ind1=" " ind2=" ">
    <subfield code="a">the use of rice bran-water spinach, rice bran-leucaena on the growth of barbodes gonionotus and oreochromis niloticus (&#x1780;&#x17B6;&#x179A;&#x1794;&#x17D2;&#x179A;&#x17BE;&#x1794;&#x17D2;&#x179A;&#x17B6;&#x179F;&#x17CB;&#x1785;&#x17C6;&#x178E;&#x17B8;&#x1780;&#x1793;&#x17D2;&#x1791;&#x1780;&#x17CB;&#x1787;&#x17B6;&#x1798;&#x17BD;&#x1799;&#x178F;&#x17D2;&#x179A;&#x1780;&#x17BD;&#x1793; &#x1793;&#x17B7;&#x1784; &#x1780;&#x1793;&#x17D2;&#x1791;&#x1780;&#x17CB;&#x1785;&#x17B6;&#x1798;&#x17BD;&#x1799;&#x179F;&#x17D2;&#x179B;&#x17B9;&#x1780;&#x1780;&#x1793;&#x17D2;&#x1792;&#x17C6;&#x1790;&#x17C1;&#x178F; &#x1791;&#x17C5;&#x179B;&#x17BE;&#x1780;&#x17B6;&#x179A;&#x179B;&#x17BD;&#x178F;&#x179B;&#x17B6;&#x179F;&#x17CB;&#x178F;&#x17D2;&#x179A;&#x17B8;&#x1786;&#x17D2;&#x1796;&#x17B7;&#x1793; &#x1793;&#x17B7;&#x1784; &#x178F;&#x17D2;&#x179A;&#x17B8;&#x1791;&#x17B8;&#x17A1;&#x17B6;&#x1796;&#x17D2;&#x1799;&#x17B6;)</subfield>
  </datafield>
  <datafield tag="260" ind1=" " ind2=" ">
    <subfield code="a">Phnom Penh</subfield>
    <subfield code="b">RUA</subfield>
    <subfield code="c">2004</subfield>
  </datafield>
  <datafield tag="300" ind1=" " ind2=" ">
    <subfield code="a">38p.</subfield>
    <subfield code="b">ill.</subfield>
    <subfield code="c">29cm.</subfield>
  </datafield>
  <datafield tag="942" ind1=" " ind2=" ">
    <subfield code="2">ddc</subfield>
    <subfield code="c">FIS</subfield>
  </datafield>
  <datafield tag="999" ind1=" " ind2=" ">
    <subfield code="c">3984</subfield>
    <subfield code="d">3984</subfield>
  </datafield>
  <datafield tag="952" ind1=" " ind2=" ">
    <subfield code="0">0</subfield>
    <subfield code="1">0</subfield>
    <subfield code="2">ddc</subfield>
    <subfield code="4">0</subfield>
    <subfield code="6">FIS_HON_2004_000000000000000_B176_OR_1</subfield>
    <subfield code="7">0</subfield>
    <subfield code="9">20131</subfield>
    <subfield code="a">LBB</subfield>
    <subfield code="b">LBB</subfield>
    <subfield code="c">B176</subfield>
    <subfield code="d">2015-12-04</subfield>
    <subfield code="o">FIS HON 2004 B176 Or.1</subfield>
    <subfield code="p">RUA026678</subfield>
    <subfield code="r">2015-12-04</subfield>
    <subfield code="w">2015-12-04</subfield>
    <subfield code="y">FIS</subfield>
  </datafield>
</record>
